000 00612cam a22002531 4500
001 sa 68020529
003 DLC
005 20260227112725.0
008 930224s1966 ii 000 0 sndo
010 _asa 68020529
020 _cRs2.00
025 _aPL480 : I-Si-319
035 _a(OCoLC)28264294
040 _aDLC
_cICU
_dDLC
042 _apremarc
050 0 0 _aBD435
_b.B38
100 1 _aBasant, Tirath.
245 1 0 _aJīvani joti /
_cLekakha Tīrath Basant.
260 _aNew Delhi,
_c1966 or 7.
300 _a86 p.
_c18 cm.
500 _aCover title.
500 _aIn Sindhi.
650 0 _aLife.
999 _c89480
_d89480